|
|
|
|
| LEADER |
00000nab#a22000007a#4500 |
| 001 |
arbauad009220 |
| 003 |
AR-BaUAD |
| 005 |
20250711110944.0 |
| 008 |
950315|||||||||###||||||b###|0###a|spa|| |
| 040 |
|
|
|a AR-BaUAD
|c AR-BaUAD
|b spa
|
| 100 |
|
|
|a Ostria, Vincent
|
| 245 |
|
|
|a Retour au monde féodal /
|c Vincent Ostria;
|
| 653 |
|
|
|a CINE
|
| 653 |
|
|
|a FESTIVALES
|
| 653 |
|
|
|a FESTIVAL DE TROIS CONTINENTS
|
| 653 |
|
|
|a ASIA
|
| 653 |
|
|
|a AFRICA
|
| 653 |
|
|
|a AMERICA LATINA
|
| 653 |
|
|
|a FRANCIA
|
| 653 |
|
|
|a NANTES
|
| 773 |
0 |
|
|t CAHIERS DU CINEMA
|g no. 489 [mar. 1995], p. 12-13
|
| 942 |
|
|
|c ARTI
|
| 952 |
|
|
|0 0
|1 0
|4 0
|7 0
|9 54140
|a AR-BAuAD
|b AR-BAuAD
|d 2025-07-11
|l 0
|p AAQA009220
|r 2025-07-11 11:09:44
|w 2025-07-11
|y ARTI
|
| 990 |
|
|
|a C199
|b TD
|
| 998 |
|
|
|a AAQ
|b BIBUN76
|
| 999 |
|
|
|c 33813
|d 33813
|